00665nam a2200145Ia 4500008004100000020002200041082002100063245012800084260002200212300001300234650004700247952009800294952011000392999001700502130818s9999 xx 000 0 und d a978-607-00-3786-3 a345.097252 L681l aLey del notariado para el Estado de Guanajuato : comentada y concordada con la Ley del notariado para el Distrito Federal ) aMéxico : Yussim aIrreguar a1.- NOTARIOS--MEXICO (GTO)--LEGISLACIONÌ 00104070a15b15d2012-09-01l0o345.097252 L681Lp15 005264r2017-12-07t1w2013-08-19yLB 00104070a15b15d2012-09-01l6o345.097252 L681Lp15 005265r2017-12-07s2016-12-01t2w2013-08-19yLB c90566d90566